000 01033nam a2200253Ia 4500
003 OSt
005 20220930094914.0
006 a|||||r|||| 00| 0
007 ta
008 220926b |||||||| |||| 00| 0 hin d
024 _a35294
037 _cTheses
040 _aCRL
_cCRL
_bhin
041 _2hin
_ahin
100 _aत्रिपाठी, प्रीति, ले.
110 _aदिल्ली विश्वविद्यालय. कला संकाय. हिन्दी
_9556700
245 0 _aतुलसी साहित्य के सन्दर्भ में भक्ति का मनोविज्ञान।
246 _aTulasī sāhitya ke sandarbha mean bhakti kā manovijnyāna।
260 _c2016
300 _a288पृ.
_ap.
_ccm.
700 _aदिल्ली विश्वविद्यालय. कला संकाय. हिन्दी
_9556701
942 _cDIS
_2CC
999 _c887919
_d887919